000 00567nam a2200169 i 4500
001 bg
100 1 _aPERYKUSZA, Edward
245 0 _aOrganizacja kolejowych przewozów towarowych /
_cEdward Perykusza, Bogdan Cyanel ; Politechnika Krakowska.
260 _aKraków :
_bPK,
_c1975.
521 _aSkrypt dla studentów wyższych szkół technicznych do przedmiotu Organizacja procesów transportowych.
700 1 _aCYANEL, Bogdan
710 _aPolitechnika Krakowska
040 _cBPK
041 _apol
942 _cKS
008 s pl f |000 0 pol
999 _c16311
_d16311
856 _uhttp://koha.tu.koszalin.pl/cgi-bin/koha/opac-detail.pl?biblionumber=16311
_yKatalog online BPK